| 000 | 00385nam a22001337a 4500 | ||
|---|---|---|---|
| 005 | 20250901165815.0 | ||
| 008 | 250328b |||||||| |||| 00| 0 eng d | ||
| 020 | _a9966478728 | ||
| 050 | _aPL 8704 .W35 2015 | ||
| 245 |
_aHoma ya Nyumbani/ _bna Hadithi Nyingine _cKen Walibora na Said A. Mohamed |
||
| 260 |
_aNairobi: _bPhoenix, _c2015. |
||
| 300 |
_a180 p.: _bill.; _c24 cm. |
||
| 942 | _2lcc | ||
| 999 |
_c9471 _d9471 |
||